MARC

LEADER 00000nam0a2200000 4500
001 154452
005 20231031151901.0
010 |a 5265014152 
020 |a RU  |b 91-22190 
035 |a (RuTPU)RU\TPU\book\167533 
090 |a 154452 
100 |a 20090226d1991 m y0rusy5003 ca 
101 0 |a rus 
102 |a RU 
105 |a c z 000ay 
200 1 |a Чернобыль  |e документальное повествование  |f Ю. Н. Щербак 
210 |a Москва  |c Советский писатель  |d 1991 
215 |a 464 с.  |c портр.  |d 20 см 
610 1 |a Атомные электрические станции 
610 1 |a аварии 
610 1 |a Чернобыль 
610 1 |a Чернобыльская авария 
675 |a Р2  |z rus 
700 1 |a Щербак  |b Ю. Н.  |g Юрий Николаевич  |4 070 
801 0 |a RU  |b RuMRKP  |c 19950417  |g psbo 
801 1 |a RU  |b 63413507  |c 20090226  |g PSBO 
801 2 |a RU  |b 63413507  |c 20090226  |g PSBO 
942 |c BK